000 00365nam a2200157Ia 4500
008 221030s9999 xx 000 0 und d
020 _a812032596
041 _aEnglish
082 _a105.23
_bKum
100 _aA. A. Kumar
245 0 _aPulse & Digital Circuits
_cby A. A. Kumar
260 _bPHI
_aNew Delhi
_c2005
300 _a467
650 _aECE
942 _cBK
999 _c3960
_d3960